Valóság, misztika, mese avagy Szini Gyula novellái
Elmentve itt :
| Szerző: | |
|---|---|
| További közreműködők: | |
| Dokumentumtípus: | Szakdolgozat |
| Megjelent: |
1998
|
| Tárgyszavak: | |
| Online Access: | http://diploma.bibl.u-szeged.hu/43695 |
| LEADER | 00573nta a2200157 i 4500 | ||
|---|---|---|---|
| 001 | dipl43695 | ||
| 005 | 20140901084241.0 | ||
| 008 | 140901s1998 hu om 0|| zxx d | ||
| 040 | |a SZTE Diploma Repozitórium |b hun | ||
| 041 | |a zxx | ||
| 100 | 1 | |a Nyerges Andrea Regina | |
| 245 | 1 | 0 | |a Valóság, misztika, mese avagy Szini Gyula novellái |h [elektronikus dokumentum] / |c Andrea Regina Nyerges |
| 260 | |c 1998 | ||
| 650 | 4 | |a Bölcsészettudományok | |
| 700 | 1 | |a nincs megadva |e ths | |
| 856 | 4 | 0 | |u http://diploma.bibl.u-szeged.hu/id/eprint/43695/1/1998_nyerges_andrea_regina.pdf |z Dokumentum-elérés |